Statistics for 叱咤樂壇組合

Click here to take the quiz!

General Stats

  • This quiz has been taken 17 times
    (6 since last reset)
  • The average score is 12 of 37

Answer Stats

Answer% Correct
草蜢
75%
Beyond
75%
COLLAR
75%
Dear Jane
75%
Lolly Talk
75%
MIRROR
75%
Mr.
75%
RubberBand
75%
Twins
75%
太極
50%
達明一派
50%
C AllStar
50%
Nowhere Boys
50%
軟硬天師
25%
農夫
25%
溫拿
25%
野仔
25%
小塵埃
25%
at17
25%
EO2
25%
LMF
25%
Robynn & Kendy
25%
Shine
25%
Supper Moment
25%
Swing
25%
有耳非文
0%
風火海
0%
3P
0%
Anodize
0%
Black Box
0%
Dry
0%
F.I.R.
0%
Hotcha
0%
On-line
0%
Soler
0%
Zarahn
0%
Zen
0%

Score Distribution

Percentile by Number Answered

Percent of People with Each Score

Your Score History

You have not taken this quiz since the last reset